Hospodářská úprava lesů : učební text pro 3. ročník středních lesnických technických škol. 1 /

Uložené v:
Podrobná bibliografia
Hlavný autor: Vojtěchovský, Jindřich, 1929- (Author)
Médium: Kniha
Jazyk:Czech
Vydané: Praha : Státní zemědělské nakladatelství, 1980.
Vydanie:1. vyd.
Edícia:Lesnická knihovna. Knihovna lesního hospodáře. Učebnice sv. 40
ISBN: (brož.)
Fyzický popis: 127 s. : obr., tb., grafy.
Tagy: Pridať tag
Žiadne tagy, Buďte prvý kto otaguje tento záznam!

MARC

LEADER 00000nam a2200000 a 4500
001 000552113
005 20170719174531.0
008 050715s1980 xr e cze d
020 |a (brož.)  |c Kčs 10,00 
040 |a SVKKK  |b slo  |c SVKKK  |e AACR2 
041 0 |a cze 
044 |a xr  |c CZ 
100 1 |a Vojtěchovský, Jindřich,  |d 1929-  |4 aut 
245 1 0 |a Hospodářská úprava lesů :  |b učební text pro 3. ročník středních lesnických technických škol.  |n 1 /  |c Jindřich Vojtěchovský. 
250 |a 1. vyd. 
260 |a Praha :  |b Státní zemědělské nakladatelství,  |c 1980. 
300 |a 127 s. :  |b obr., tb., grafy. 
366 |e 1500 výt. 
490 1 |a Lesnická knihovna. Knihovna lesního hospodáře. Učebnice  |v sv. 40 
504 |a Vecný register 
504 |a Prehľad lit. 
830 0 |a Lesnická knihovna. Knihovna lesního hospodáře. Učebnice  |v sv. 40 
910 |a svkkk 
998 |a BK 
090 |g SCKHL  |k Sklad Pribinova 1. posch.  |a IV.99158  |j 613255  |i 552113-10  |s Povinný výt.